000
00205 a2200097 4500
001
2697
100
_a
Boas, G
245
_a
The intelligent heart
260
_a
_b
William Heinemann
_c
090
_c
1993
_d
1993
942
_a
NUST-CAE
_c
M
_c
11035
999
_c
237770
_d
237770